000 00423nam a2200157 4500
003 IeDuTC
005 20181127163638.0
008 061122r20072006enk 000 1 eng
020 _a0749081732 (pbk.)
020 _a9780749081737 (pbk.)
100 1 _aMcClure, Ken.
245 1 0 _aPast lives /
_cKen McClure.
260 _aLondon :
_bAllison & Busby,
_c2007.
300 _a380 p. ;
_c18 cm.
655 7 _aSuspense fiction.
_2gsafd.
999 _c1203
_d1203